000 00916nam a2200265Ia 4500
003 OSt
005 20221005111402.0
006 a|||||r|||| 00| 0
007 ta
008 221004b |||||||| |||| 00| 0 hin d
020 _a8181435079 (hbk)
_c295
024 _a97488
037 _b568, 23/03/2009, Vani Prakashan
_cTextual
040 _aCRL
_cCRL
_bhin
041 _2hin
_ahin
082 _a4(A), 152P7
100 _aपटैरिया, मनोज
245 0 _aविज्ञान पत्रकारिता
246 _aVijnyān patrakāritā
260 _aनई दिल्ली
_bवाणी प्रकाशन भारत
_c2007
300 _a218पृ0
_ccm.
650 _aहिन्दी पत्रकारिता
942 _h4(A), 152P7
_cTEXL
_2cc
999 _c1021684
_d1021684